[Event "2022 Welsh Championship"]
[Site "Cardiff"]
[Date "2022.04.16"]
[Round "3"]
[Board "7"]
[White "Rathbone-Jones, Ifan"]
[Black "Garcia, Jason"]
[Result "1-0"]
[WhiteElo "1915"]
[BlackElo "2022"]
[PlyCount "0"]
[EventDate "2022.04.15"]
[EventRounds "7"]
[EventCountry "WLS"]

1. d4 {[%clk 01:30:58]} {[%emt 00:00:02]} Nf6 {[%clk 01:30:56]} {[%emt
00:00:05]} 2. Nf3 {[%clk 01:31:22]} {[%emt 00:00:05]} e6 {[%clk 01:31:21]}
{[%emt 00:00:05]} 3. Bf4 {[%clk 01:31:42]} {[%emt 00:00:10]} c5 {[%clk
01:31:29]} {[%emt 00:00:21]} 4. e3 {[%clk 01:31:41]} {[%emt 00:00:31]} cxd4
{[%clk 01:31:34]} {[%emt 00:00:26]} 5. exd4 {[%clk 01:32:05]} {[%emt 00:00:06]}
b6 {[%clk 01:31:47]} {[%emt 00:00:18]} 6. Bd3 {[%clk 01:30:40]} {[%emt
00:01:55]} Bb7 {[%clk 01:31:58]} {[%emt 00:00:19]} 7. O-O {[%clk 01:30:54]}
{[%emt 00:00:15]} Be7 {[%clk 01:32:04]} {[%emt 00:00:23]} 8. Nbd2 {[%clk
01:28:09]} {[%emt 00:03:15]} d6 {[%clk 01:31:25]} {[%emt 00:01:09]} 9. Qe2
{[%clk 01:27:39]} {[%emt 00:01:01]} a6 {[%clk 01:29:30]} {[%emt 00:02:25]} 10.
Rfe1 {[%clk 01:26:56]} {[%emt 00:01:13]} Nbd7 {[%clk 01:29:07]} {[%emt
00:00:53]} 11. Rad1 {[%clk 01:12:21]} {[%emt 00:15:05]} h6 {[%clk 01:20:32]}
{[%emt 00:09:05]} 12. h3 {[%clk 01:12:37]} {[%emt 00:00:14]} O-O {[%clk
01:06:58]} {[%emt 00:14:04]} 13. c4 {[%clk 01:13:03]} {[%emt 00:00:05]} Re8
{[%clk 01:05:17]} {[%emt 00:02:11]} 14. Bb1 {[%clk 01:06:08]} {[%emt 00:07:25]}
Rc8 {[%clk 01:00:36]} {[%emt 00:05:11]} 15. Qd3 {[%clk 01:05:37]} {[%emt
00:01:01]} Nf8 {[%clk 00:54:01]} {[%emt 00:07:05]} 16. Nf1 {[%clk 01:02:55]}
{[%emt 00:03:12]} d5 {[%clk 00:45:39]} {[%emt 00:08:52]} 17. Ne3 {[%clk
00:44:56]} {[%emt 00:18:30]} dxc4 {[%clk 00:42:38]} {[%emt 00:03:31]} 18. Nxc4
{[%clk 00:45:17]} {[%emt 00:00:08]} Be4 {[%clk 00:22:53]} {[%emt 00:20:15]} 19.
Qe2 {[%clk 00:42:55]} {[%emt 00:02:51]} Bxb1 {[%clk 00:22:38]} {[%emt
00:00:46]} 20. Rxb1 {[%clk 00:43:25]} Nd5 {[%clk 00:21:03]} {[%emt 00:02:04]}
21. Bg3 {[%clk 00:43:13]} {[%emt 00:00:42]} Ng6 {[%clk 00:16:21]} {[%emt
00:05:12]} 22. Nce5 {[%clk 00:42:46]} {[%emt 00:00:57]} Nxe5 {[%clk 00:13:31]}
{[%emt 00:03:20]} 23. Nxe5 {[%clk 00:39:11]} {[%emt 00:04:05]} b5 {[%clk
00:13:08]} {[%emt 00:00:54]} 24. Rbc1 {[%clk 00:34:29]} {[%emt 00:05:12]} Qb6
{[%clk 00:11:21]} {[%emt 00:02:17]} 25. Qh5 {[%clk 00:30:59]} {[%emt 00:04:01]}
Bf6 {[%clk 00:02:07]} {[%emt 00:09:43]} 26. Qxf7+ {[%clk 00:30:36]} {[%emt
00:00:52]} Kh7 {[%clk 00:01:42]} {[%emt 00:00:55]} 27. Qg6+ {[%clk 00:22:48]}
{[%emt 00:08:19]} Kg8 {[%clk 00:01:34]} {[%emt 00:00:37]} 28. Nf7 {[%clk
00:18:56]} {[%emt 00:04:22]} Rxc1 {[%clk 00:00:41]} {[%emt 00:01:24]} 29. Nxh6+
{[%clk 00:19:19]} {[%emt 00:00:07]} Kh8 {[%clk 00:00:46]} {[%emt 00:00:25]} 30.
Qxe8+ {[%clk 00:19:46]} {[%emt 00:00:02]} Kh7 {[%clk 00:00:54]} {[%emt
00:00:07]} 31. Rxc1 {[%clk 00:19:09]} {[%emt 00:01:22]} Kxh6 {[%clk 00:01:09]}
{[%emt 00:00:15]} 32. Be5 {[%clk 00:18:54]} {[%emt 00:00:46]}  1-0

[Event "2022 Welsh Championship"]
[Site "Cardiff"]
[Date "2022.04.16"]
[Round "3"]
[Board "8"]
[White "Lavender, James"]
[Black "Smith, Lynda"]
[Result "1/2-1/2"]
[WhiteElo "2039"]
[BlackElo "1772"]
[PlyCount "0"]
[EventDate "2022.04.15"]
[EventRounds "7"]
[EventCountry "WLS"]

1. e4 {[%clk 01:30:57]} {[%emt 00:00:02]} c5 {[%clk 01:30:57]} {[%emt
00:00:04]} 2. Nc3 {[%clk 01:31:21]} {[%emt 00:00:05]} e6 {[%clk 01:31:21]}
{[%emt 00:00:06]} 3. Nf3 {[%clk 01:31:44]} {[%emt 00:00:06]} d5 {[%clk
01:31:30]} {[%emt 00:00:22]} 4. exd5 {[%clk 01:31:57]} {[%emt 00:00:17]} exd5
{[%clk 01:31:57]} {[%emt 00:00:03]} 5. d4 {[%clk 01:32:19]} {[%emt 00:00:08]}
Nf6 {[%clk 01:31:15]} {[%emt 00:01:13]} 6. Bg5 {[%clk 01:28:36]} {[%emt
00:04:13]} Be6 {[%clk 01:28:20]} {[%emt 00:03:26]} 7. g3 {[%clk 01:25:34]}
{[%emt 00:03:31]} Nc6 {[%clk 01:25:14]} {[%emt 00:03:37]} 8. Bg2 {[%clk
01:21:36]} {[%emt 00:04:26]} Be7 {[%clk 01:22:37]} {[%emt 00:03:08]} 9. O-O
{[%clk 01:16:46]} {[%emt 00:05:19]} O-O {[%clk 01:21:40]} {[%emt 00:01:28]} 10.
Re1 {[%clk 01:07:55]} {[%emt 00:09:21]} h6 {[%clk 01:16:53]} {[%emt 00:05:17]}
11. Bf4 {[%clk 01:04:09]} {[%emt 00:04:15]} Rc8 {[%clk 01:10:54]} {[%emt
00:06:30]} 12. Rxe6 {[%clk 00:49:31]} {[%emt 00:15:08]} fxe6 {[%clk 01:09:12]}
{[%emt 00:02:12]} 13. Bh3 {[%clk 00:49:27]} {[%emt 00:00:34]} Nxd4 {[%clk
01:01:58]} {[%emt 00:07:44]} 14. Nxd4 {[%clk 00:48:48]} {[%emt 00:01:09]} cxd4
{[%clk 01:02:01]} {[%emt 00:00:28]} 15. Bxe6+ {[%clk 00:49:10]} {[%emt
00:00:08]} Kh8 {[%clk 01:01:58]} {[%emt 00:00:34]} 16. Bxc8 {[%clk 00:48:24]}
{[%emt 00:01:15]} dxc3 {[%clk 00:57:55]} {[%emt 00:04:33]} 17. Bh3 {[%clk
00:48:46]} {[%emt 00:00:08]} cxb2 {[%clk 00:56:05]} {[%emt 00:02:21]} 18. Rb1
{[%clk 00:49:10]} {[%emt 00:00:06]} Ne4 {[%clk 00:47:45]} {[%emt 00:08:49]} 19.
Rxb2 {[%clk 00:46:24]} {[%emt 00:03:15]} Bc5 {[%clk 00:41:47]} {[%emt
00:06:29]} 20. Qh5 {[%clk 00:31:02]} {[%emt 00:15:52]} Qf6 {[%clk 00:27:41]}
{[%emt 00:14:36]} 21. c3 {[%clk 00:27:07]} {[%emt 00:04:24]} Nxf2 {[%clk
00:23:06]} {[%emt 00:05:06]} 22. Kg2 {[%clk 00:20:43]} {[%emt 00:06:53]} Nxh3
{[%clk 00:17:29]} {[%emt 00:06:08]} 23. Qxh3 {[%clk 00:20:38]} {[%emt
00:00:35]} g5 {[%clk 00:13:06]} {[%emt 00:04:54]} 24. Rxb7 {[%clk 00:20:21]}
{[%emt 00:00:47]} gxf4 {[%clk 00:09:41]} {[%emt 00:03:54]} 25. Qd7 {[%clk
00:18:22]} {[%emt 00:02:28]} Qg6 {[%clk 00:06:50]} {[%emt 00:03:22]} 26. Qxd5
{[%clk 00:17:26]} {[%emt 00:01:25]} Qc2+ {[%clk 00:05:05]} {[%emt 00:02:16]} 27.
Kh3 {[%clk 00:15:32]} {[%emt 00:02:23]} Qf5+ {[%clk 00:04:52]} {[%emt
00:00:44]} 28. Qxf5 {[%clk 00:15:55]} {[%emt 00:00:07]} Rxf5 {[%clk 00:05:20]}
{[%emt 00:00:03]} 29. gxf4 {[%clk 00:16:15]} {[%emt 00:00:10]} Rxf4 {[%clk
00:05:26]} {[%emt 00:00:24]} 30. Kg3 {[%clk 00:13:20]} {[%emt 00:03:24]} Ra4
{[%clk 00:04:11]} {[%emt 00:01:46]} 31. h4 {[%clk 00:12:24]} {[%emt 00:01:25]}
Bd6+ {[%clk 00:02:51]} {[%emt 00:01:51]} 32. Kh3 {[%clk 00:12:42]} {[%emt
00:00:11]} Rxa2 {[%clk 00:03:08]} {[%emt 00:00:14]} 33. Kg4 {[%clk 00:12:58]}
{[%emt 00:00:12]} Ra5 {[%clk 00:03:24]} {[%emt 00:00:15]} 34. Rd7 {[%clk
00:12:39]} {[%emt 00:00:48]} Be5 {[%clk 00:03:14]} {[%emt 00:00:40]} 35. Kh5
{[%clk 00:12:27]} {[%emt 00:00:42]} Bxc3+ {[%clk 00:02:30]} {[%emt 00:01:15]}
36. Kxh6 {[%clk 00:12:35]} {[%emt 00:00:21]} Ra6+ {[%clk 00:02:52]} {[%emt
00:00:09]} 37. Kg5 {[%clk 00:12:24]} {[%emt 00:00:40]} Bf6+ {[%clk 00:02:20]}
{[%emt 00:01:03]} 38. Kh5 {[%clk 00:12:18]} {[%emt 00:00:36]} Bxh4 {[%clk
00:01:42]} {[%emt 00:01:09]} 39. Kxh4 {[%clk 00:12:39]} {[%emt 00:00:08]}
 1/2-1/2

[Event "2022 Welsh Championship"]
[Site "Cardiff"]
[Date "2022.04.16"]
[Round "3"]
[Board "9"]
[White "Davis, Lee"]
[Black "Thomas, James"]
[Result "0-1"]
[WhiteElo "1944"]
[BlackElo "1941"]
[PlyCount "0"]
[EventDate "2022.04.15"]
[EventRounds "7"]
[EventCountry "WLS"]

1. d4 {[%clk 01:30:57]} {[%emt 00:00:02]} Nf6 {[%clk 01:30:52]} {[%emt
00:00:09]} 2. g3 {[%clk 01:31:22]} {[%emt 00:00:05]} c5 {[%clk 01:31:02]}
{[%emt 00:00:20]} 3. Nf3 {[%clk 01:31:47]} {[%emt 00:00:05]} cxd4 {[%clk
01:31:01]} {[%emt 00:00:31]} 4. Nxd4 {[%clk 01:32:14]} {[%emt 00:00:03]} e5
{[%clk 01:30:45]} {[%emt 00:00:46]} 5. Nb3 {[%clk 01:32:39]} {[%emt 00:00:05]}
d5 {[%clk 01:30:29]} {[%emt 00:00:46]} 6. Bg2 {[%clk 01:33:05]} {[%emt
00:00:04]} Be7 {[%clk 01:26:11]} {[%emt 00:04:49]} 7. Bg5 {[%clk 01:33:18]}
{[%emt 00:00:17]} Be6 {[%clk 01:22:07]} {[%emt 00:04:34]} 8. O-O {[%clk
01:29:02]} {[%emt 00:04:45]} Nbd7 {[%clk 01:19:58]} {[%emt 00:02:40]} 9. Nc3
{[%clk 01:21:41]} {[%emt 00:07:51]} h6 {[%clk 01:16:44]} {[%emt 00:03:43]} 10.
Bxf6 {[%clk 01:22:02]} {[%emt 00:00:09]} Nxf6 {[%clk 01:16:59]} {[%emt
00:00:15]} 11. e4 {[%clk 01:21:55]} {[%emt 00:00:37]} d4 {[%clk 01:15:12]}
{[%emt 00:02:17]} 12. Ne2 {[%clk 01:22:10]} {[%emt 00:00:14]} O-O {[%clk
01:13:03]} {[%emt 00:02:40]} 13. Nbc1 {[%clk 01:21:38]} {[%emt 00:01:02]} Qc7
{[%clk 01:04:11]} {[%emt 00:09:22]} 14. c3 {[%clk 01:17:42]} {[%emt 00:04:27]}
dxc3 {[%clk 00:59:15]} {[%emt 00:05:26]} 15. Nxc3 {[%clk 01:18:00]} {[%emt
00:00:12]} Bc4 {[%clk 00:57:18]} {[%emt 00:02:27]} 16. Re1 {[%clk 01:16:04]}
{[%emt 00:02:27]} Bc5 {[%clk 00:53:41]} {[%emt 00:04:07]} 17. Qf3 {[%clk
01:13:42]} {[%emt 00:02:51]} Rfd8 {[%clk 00:50:12]} {[%emt 00:04:00]} 18. Rd1
{[%clk 01:12:49]} {[%emt 00:01:23]} Rxd1+ {[%clk 00:47:47]} {[%emt 00:02:55]}
19. Nxd1 {[%clk 01:05:37]} {[%emt 00:07:43]} Rd8 {[%clk 00:44:51]} {[%emt
00:03:26]} 20. Bf1 {[%clk 01:04:21]} {[%emt 00:01:46]} Bxf1 {[%clk 00:41:45]}
{[%emt 00:03:35]} 21. Kxf1 {[%clk 01:04:48]} {[%emt 00:00:03]} Nxe4 {[%clk
00:41:11]} {[%emt 00:01:04]} 22. Qxe4 {[%clk 01:03:23]} {[%emt 00:01:55]} Rxd1+
{[%clk 00:41:05]} {[%emt 00:00:36]} 23. Kg2 {[%clk 01:03:12]} {[%emt 00:00:40]}
Bd4 {[%clk 00:37:56]} {[%emt 00:03:40]} 24. Nb3 {[%clk 01:03:13]} {[%emt
00:00:30]} Rxa1 {[%clk 00:37:42]} {[%emt 00:00:43]} 25. Nxa1 {[%clk 01:03:40]}
{[%emt 00:00:03]} Bxb2 {[%clk 00:37:44]} {[%emt 00:00:28]} 26. Qb1 {[%clk
01:03:57]} {[%emt 00:00:13]} Qc6+ {[%clk 00:36:22]} {[%emt 00:01:53]} 27. f3
{[%clk 01:04:10]} {[%emt 00:00:17]} Qc1 {[%clk 00:35:23]} {[%emt 00:01:29]} 28.
Qc2 {[%clk 01:02:57]} {[%emt 00:01:44]} Qxc2+ {[%clk 00:35:07]} {[%emt
00:00:47]} 29. Nxc2 {[%clk 01:03:26]} {[%emt 00:00:01]} f6 {[%clk 00:33:05]}
{[%emt 00:02:32]} 30. Kf2 {[%clk 01:03:42]} {[%emt 00:00:13]} Kf7 {[%clk
00:32:48]} {[%emt 00:00:48]} 31. Ke2 {[%clk 01:04:08]} {[%emt 00:00:04]} Ke6
{[%clk 00:32:16]} {[%emt 00:01:02]} 32. Kd3 {[%clk 01:04:18]} {[%emt 00:00:20]}
b5 {[%clk 00:31:35]} {[%emt 00:01:12]} 33. g4 {[%clk 01:03:39]} {[%emt
00:01:09]} a5 {[%clk 00:29:09]} {[%emt 00:02:56]} 34. Ne3 {[%clk 01:03:44]}
{[%emt 00:00:25]} g6 {[%clk 00:28:14]} {[%emt 00:01:24]} 35. h4 {[%clk
01:03:58]} Bd4 {[%clk 00:27:25]} {[%emt 00:01:35]} 36. Ng2 {[%clk 01:03:33]} h5
{[%clk 00:26:36]} {[%emt 00:02:14]} 37. gxh5 gxh5 38. f4 {[%clk 01:02:21]}
{[%emt 00:00:41]} Kd5 {[%emt 00:02:27]} 39. Ke2 {[%emt 00:01:45]} b4 {[%emt
00:00:46]} 40. fxe5 {[%clk 01:01:49]} {[%emt 00:00:08]} fxe5 {[%clk 00:24:26]}
{[%emt 00:00:24]} 41. Ne1 {[%clk 01:01:27]} {[%emt 00:00:52]} Kc4 {[%clk
00:22:22]} {[%emt 00:02:35]} 42. Kd1 {[%clk 01:00:23]} {[%emt 00:01:34]} Kc3
{[%clk 00:19:39]} {[%emt 00:03:13]} 43. Kc1 {[%clk 00:59:58]} {[%emt 00:00:55]}
a4 {[%clk 00:18:57]} {[%emt 00:01:12]} 44. Nf3 {[%clk 00:57:08]} {[%emt
00:03:20]} e4 {[%clk 00:17:31]} {[%emt 00:01:56]} 45. Ng5 {[%clk 00:57:02]}
{[%emt 00:00:36]} Be3+ {[%clk 00:16:31]} {[%emt 00:01:31]} 46. Kd1 {[%clk
00:56:47]} {[%emt 00:00:45]} Bxg5 {[%clk 00:15:30]} {[%emt 00:01:31]} 47. hxg5
{[%clk 00:57:16]} {[%emt 00:00:01]} b3 {[%clk 00:15:49]} {[%emt 00:00:11]} 48.
axb3 {[%clk 00:57:12]} {[%emt 00:00:34]} a3 {[%clk 00:16:01]} {[%emt 00:00:17]}
 0-1

[Event "2022 Welsh Championship"]
[Site "Cardiff"]
[Date "2022.04.16"]
[Round "4"]
[Board "1"]
[White "Camacho Collados, Jose"]
[Black "Bullen, Alex"]
[Result "1-0"]
[WhiteElo "2414"]
[BlackElo "2079"]
[PlyCount "0"]
[EventDate "2022.04.15"]
[EventRounds "7"]
[EventCountry "WLS"]

1. Nf3 {[%clk 01:30:58]} {[%emt 01:39:47]} d5 {[%clk 01:30:52]} {[%emt
00:00:09]} 2. g3 {[%clk 01:31:25]} {[%emt 00:00:04]} Bg4 {[%clk 01:31:14]}
{[%emt 00:00:08]} 3. Bg2 {[%clk 01:31:48]} {[%emt 00:00:07]} c6 {[%clk
01:31:28]} {[%emt 00:00:15]} 4. O-O {[%clk 01:32:09]} {[%emt 00:00:09]} e6
{[%clk 01:31:50]} {[%emt 00:00:08]} 5. h3 {[%clk 01:32:31]} {[%emt 00:00:08]}
Bh5 {[%clk 01:32:13]} {[%emt 00:00:07]} 6. d3 {[%clk 01:32:55]} {[%emt
00:00:06]} Nf6 {[%clk 01:32:07]} {[%emt 00:00:36]} 7. c4 {[%clk 01:33:20]}
{[%emt 00:00:05]} Nbd7 {[%clk 01:32:17]} {[%emt 00:00:20]} 8. cxd5 {[%clk
01:33:39]} {[%emt 00:00:12]} exd5 {[%clk 01:28:58]} {[%emt 00:03:48]} 9. e4
{[%clk 01:32:57]} {[%emt 00:01:13]} dxe4 {[%clk 01:24:01]} {[%emt 00:05:28]} 10.
dxe4 {[%clk 01:33:23]} {[%emt 00:00:04]} Bc5 {[%clk 01:23:34]} {[%emt
00:00:56]} 11. Qc2 {[%clk 01:26:53]} {[%emt 00:06:59]} O-O {[%clk 01:22:35]}
{[%emt 00:01:28]} 12. Nh4 {[%clk 01:24:34]} {[%emt 00:02:50]} Re8 {[%clk
01:18:11]} {[%emt 00:04:54]} 13. Kh2 {[%clk 01:23:43]} {[%emt 00:01:21]} Bg6
{[%clk 01:16:27]} {[%emt 00:02:14]} 14. Nc3 {[%clk 01:21:01]} {[%emt 00:03:12]}
Qe7 {[%clk 01:10:20]} {[%emt 00:06:38]} 15. Nxg6 {[%clk 01:12:20]} {[%emt
00:09:10]} hxg6 {[%clk 01:10:41]} {[%emt 00:00:09]} 16. f4 {[%clk 01:12:45]}
{[%emt 00:00:06]} Nf8 {[%clk 01:07:24]} {[%emt 00:03:46]} 17. e5 {[%clk
01:11:21]} {[%emt 00:01:54]} N6d7 {[%clk 01:05:35]} {[%emt 00:02:19]} 18. Ne4
{[%clk 01:11:27]} {[%emt 00:00:24]} Ne6 {[%clk 01:04:38]} {[%emt 00:01:27]} 19.
Rd1 {[%clk 01:06:56]} {[%emt 00:05:01]} Rad8 {[%clk 00:58:50]} {[%emt
00:06:17]} 20. Nxc5 {[%clk 00:59:55]} {[%emt 00:07:31]} Qxc5 {[%clk 00:55:11]}
{[%emt 00:04:08]} 21. Qxc5 {[%clk 00:59:21]} {[%emt 00:01:05]} Ndxc5 {[%clk
00:55:33]} {[%emt 00:00:08]} 22. Be3 {[%clk 00:59:43]} {[%emt 00:00:09]} Nd3
{[%clk 00:54:53]} {[%emt 00:01:10]} 23. Rd2 {[%clk 00:58:49]} {[%emt 00:01:24]}
Nb4 {[%clk 00:54:26]} {[%emt 00:00:57]} 24. Rad1 {[%clk 00:54:41]} {[%emt
00:04:38]} Nxa2 {[%clk 00:43:22]} {[%emt 00:11:34]} 25. Ra1 {[%clk 00:50:31]}
{[%emt 00:04:40]} Nb4 {[%clk 00:43:02]} {[%emt 00:00:49]} 26. Rxa7 {[%clk
00:50:13]} {[%emt 00:00:48]} b5 {[%clk 00:42:08]} {[%emt 00:01:23]} 27. Rdd7
{[%clk 00:38:14]} {[%emt 00:12:29]} Rxd7 {[%clk 00:40:59]} {[%emt 00:01:40]} 28.
Rxd7 {[%clk 00:38:43]} {[%emt 00:00:01]} Rc8 {[%clk 00:38:57]} {[%emt
00:02:31]} 29. g4 {[%clk 00:32:59]} {[%emt 00:06:14]} Nc2 {[%clk 00:32:03]}
{[%emt 00:07:24]} 30. Bd2 {[%clk 00:33:21]} {[%emt 00:00:09]} Ncd4 {[%clk
00:31:43]} {[%emt 00:00:50]} 31. Kg3 {[%clk 00:22:24]} {[%emt 00:11:26]} Ra8
{[%clk 00:27:03]} {[%emt 00:05:10]} 32. Be3 {[%clk 00:22:03]} {[%emt 00:00:50]}
Nc2 {[%clk 00:24:23]} {[%emt 00:03:12]} 33. Bf2 {[%clk 00:21:21]} {[%emt
00:01:12]} Ra2 {[%clk 00:24:22]} {[%emt 00:00:30]} 34. f5 {[%clk 00:20:28]}
{[%emt 00:01:23]} Nf8 {[%clk 00:15:45]} {[%emt 00:09:07]} 35. Rd8 {[%clk
00:20:50]} {[%emt 00:00:08]} Rxb2 {[%clk 00:15:38]} {[%emt 00:00:36]} 36. e6
{[%clk 00:19:00]} {[%emt 00:02:21]}  1-0

[Event "2022 Welsh Championship"]
[Site "Cardiff"]
[Date "2022.04.16"]
[Round "4"]
[Board "2"]
[White "Toczek, Grzegorz"]
[Black "Blackburn, Jonathan L B"]
[Result "1/2-1/2"]
[WhiteElo "2290"]
[BlackElo "2215"]
[PlyCount "0"]
[EventDate "2022.04.15"]
[EventRounds "7"]
[EventCountry "WLS"]

1. d4 {[%clk 01:30:46]} {[%emt 00:00:13]} Nf6 {[%clk 01:30:51]} {[%emt
00:00:09]} 2. Nf3 {[%clk 01:31:06]} {[%emt 00:00:09]} e6 {[%clk 01:25:39]}
{[%emt 00:05:43]} 3. g3 {[%clk 01:31:30]} {[%emt 00:00:06]} b5 {[%clk
01:23:14]} {[%emt 00:02:56]} 4. a4 {[%clk 01:31:48]} {[%emt 00:00:11]} b4
{[%clk 01:23:26]} {[%emt 00:00:18]} 5. c4 {[%clk 01:32:14]} {[%emt 00:00:04]}
bxc3 {[%clk 01:22:14]} {[%emt 00:01:41]} 6. bxc3 {[%clk 01:32:38]} {[%emt
00:00:06]} c5 {[%clk 01:20:22]} {[%emt 00:02:23]} 7. Bg2 {[%clk 01:33:00]}
{[%emt 00:00:09]} Bb7 {[%clk 01:17:50]} {[%emt 00:03:02]} 8. O-O {[%clk
01:32:50]} {[%emt 00:00:39]} Be7 {[%clk 01:15:13]} {[%emt 00:03:08]} 9. Nbd2
{[%clk 01:29:18]} {[%emt 00:04:02]} O-O {[%clk 01:13:01]} {[%emt 00:02:42]} 10.
Rb1 {[%clk 01:29:12]} {[%emt 00:00:36]} Bc6 {[%clk 01:11:29]} {[%emt 00:02:02]}
11. Qc2 {[%clk 01:19:12]} {[%emt 00:10:29]} cxd4 {[%clk 00:55:52]} {[%emt
00:16:08]} 12. cxd4 {[%clk 01:19:33]} {[%emt 00:00:09]} Qa5 {[%clk 00:53:54]}
{[%emt 00:02:28]} 13. Ra1 {[%clk 01:19:44]} {[%emt 00:00:19]} Na6 {[%clk
00:48:16]} {[%emt 00:06:08]} 14. Nc4 {[%clk 01:18:05]} {[%emt 00:02:09]} Qd5
{[%clk 00:45:25]} {[%emt 00:03:21]} 15. Nce5 {[%clk 01:13:46]} {[%emt
00:04:49]} Nb4 {[%clk 00:42:14]} {[%emt 00:03:41]} 16. Nxc6 {[%clk 01:12:04]}
{[%emt 00:02:12]} dxc6 {[%clk 00:41:06]} {[%emt 00:01:39]} 17. Qd1 {[%clk
01:09:30]} {[%emt 00:03:03]} Rfd8 {[%clk 00:35:45]} {[%emt 00:05:51]} 18. e3
{[%clk 01:09:31]} {[%emt 00:00:30]} Rac8 {[%clk 00:33:54]} {[%emt 00:02:21]} 19.
Ba3 {[%clk 01:03:50]} {[%emt 00:06:10]} Qh5 {[%clk 00:28:35]} {[%emt 00:05:50]}
20. Ne5 {[%clk 01:02:00]} {[%emt 00:02:20]} Qxd1 {[%clk 00:28:59]} {[%emt
00:00:06]} 21. Rfxd1 {[%clk 01:01:52]} {[%emt 00:00:37]} Nfd5 {[%clk 00:27:31]}
{[%emt 00:01:58]} 22. Rac1 {[%clk 01:00:04]} {[%emt 00:02:18]} Bf8 {[%clk
00:22:48]} {[%emt 00:05:14]} 23. Bxb4 {[%clk 00:59:30]} {[%emt 00:01:04]} Nxb4
{[%clk 00:23:08]} {[%emt 00:00:10]} 24. Nxc6 {[%clk 00:59:29]} {[%emt
00:00:31]} Nxc6 {[%clk 00:23:29]} {[%emt 00:00:09]} 25. Rxc6 {[%clk 00:58:55]}
{[%emt 00:01:03]} Rxc6 {[%clk 00:23:37]} {[%emt 00:00:23]} 26. Bxc6 {[%clk
00:59:24]} {[%emt 00:00:02]} Rc8 {[%clk 00:22:47]} {[%emt 00:01:18]} 27. Bb7
{[%clk 00:53:16]} {[%emt 00:06:39]} Rb8 {[%clk 00:21:26]} {[%emt 00:01:52]} 28.
Bf3 {[%clk 00:52:34]} {[%emt 00:01:11]} a5 {[%clk 00:20:13]} {[%emt 00:01:44]}
29. Rc1 {[%clk 00:52:51]} {[%emt 00:00:12]} g6 {[%clk 00:16:13]} {[%emt
00:04:31]} 30. Rc7 {[%clk 00:53:08]} {[%emt 00:00:12]} Rb4 {[%clk 00:14:54]}
{[%emt 00:01:49]} 31. Bc6 {[%clk 00:52:51]} {[%emt 00:00:46]} Rc4 {[%clk
00:14:28]} {[%emt 00:00:57]} 32. Kf1 {[%clk 00:53:13]} {[%emt 00:00:07]} Bb4
{[%clk 00:14:06]} {[%emt 00:00:53]} 33. e4 {[%clk 00:43:18]} {[%emt 00:10:25]}
Rxd4 {[%clk 00:13:35]} {[%emt 00:01:02]} 34. Be8 {[%clk 00:43:36]} {[%emt
00:00:11]} Kf8 {[%clk 00:12:49]} {[%emt 00:01:16]} 35. Bxf7 {[%clk 00:43:52]}
{[%emt 00:00:14]} Rxe4 {[%clk 00:12:32]} {[%emt 00:00:47]} 36. h4 {[%clk
00:44:04]} {[%emt 00:00:18]} Be7 {[%clk 00:11:36]} {[%emt 00:01:26]} 37. Bg8
{[%clk 00:44:30]} {[%emt 00:00:04]} Kxg8 {[%clk 00:10:08]} {[%emt 00:01:58]} 38.
Rxe7 {[%clk 00:44:55]} {[%emt 00:00:04]} Rxa4 {[%clk 00:10:32]} {[%emt
00:00:06]} 39. Rxe6 {[%clk 00:45:21]} {[%emt 00:00:04]} Kf7 {[%clk 00:10:54]}
{[%emt 00:00:07]} 40. Ra6 {[%clk 00:45:46]} {[%emt 00:00:06]} h5 {[%clk
00:10:10]} {[%emt 00:01:13]} 41. Kg2 {[%clk 00:45:48]} {[%emt 00:00:28]}
 1/2-1/2

[Event "2022 Welsh Championship"]
[Site "Cardiff"]
[Date "2022.04.16"]
[Round "4"]
[Board "3"]
[White "Kozusek, Daniel"]
[Black "Everett, Elijah"]
[Result "1-0"]
[WhiteElo "2315"]
[BlackElo "2217"]
[PlyCount "0"]
[EventDate "2022.04.15"]
[EventRounds "7"]
[EventCountry "WLS"]

1. d4 {[%clk 01:28:30]} {[%emt 00:02:30]} Nf6 {[%clk 01:30:49]} {[%emt
00:00:10]} 2. Bg5 {[%clk 01:28:30]} {[%emt 00:00:31]} Ne4 {[%clk 01:31:03]}
{[%emt 00:00:16]} 3. Bf4 {[%clk 01:28:29]} {[%emt 00:00:31]} c5 {[%clk
01:31:22]} {[%emt 00:00:11]} 4. f3 {[%clk 01:28:48]} {[%emt 00:00:11]} Qa5+
{[%clk 01:31:27]} {[%emt 00:00:24]} 5. c3 {[%clk 01:29:10]} {[%emt 00:00:08]}
Nf6 {[%clk 01:31:35]} {[%emt 00:00:21]} 6. d5 {[%clk 01:29:35]} {[%emt
00:00:06]} Qb6 {[%clk 01:31:38]} {[%emt 00:00:27]} 7. Bc1 {[%clk 01:29:58]}
{[%emt 00:00:07]} e6 {[%clk 01:31:43]} {[%emt 00:00:25]} 8. e4 {[%clk
01:30:22]} {[%emt 00:00:07]} exd5 {[%emt 00:00:40]} 9. exd5 {[%clk 01:30:46]}
Bd6 {[%clk 01:30:55]} {[%emt 00:01:01]} 10. Na3 {[%clk 01:30:49]} O-O {[%clk
01:29:52]} {[%emt 00:01:40]} 11. Nc4 Qc7 {[%clk 01:19:22]} {[%emt 00:20:40]} 12.
a4 {[%clk 01:11:54]}  1-0